| 000 | 00000nas 2200000za 4500 |
| 001 | 9.503199 |
| 003 | CaOODSP |
| 005 | 20250910142444 |
| 007 | cr ||||||||||| |
| 008 | 150406c20119999oncmr p o f0 b0fre|d |
| 040 | |aCaOODSP|bfre |
| 043 | |an-cn--- |
| 086 | 1 |aD12-7F-PDF |
| 245 | 03|aLa feuille d'érable |h[ressource électronique]. |
| 260 | |aOttawa : |bDéfense nationale, |c2011- |
| 310 | |aMensuel |
| 362 | 1 |aParaît depuis : vol. 14, n° 30 (déc. 2011). |
| 500 | |aPubl. aussi en anglais sous le titre : The maple leaf. |
| 500 | |aVol. 19, no. 4 (avril 2016) a été enlevé à la demande du ministère-auteur (2019/04/26). |
| 515 | |aPubl. 2017- en format HTML seulement. |
| 520 | 2 |aComprend des articles d’intérêt général pour les membres des Forces canadiennes et les employés du MDN, ainsi que des articles plus spécialisés destinés à la Marine, à la Force aérienne et à l’Armée. Tous les membres des Forces canadiennes ainsi que les employés civils du MDN peuvent y publier des articles. |
| 692 | 07|2gccst|aArmée |
| 710 | 1 |aCanada. |bMinistère de la défense nationale. |
| 775 | 08|tThe maple leaf |w(CaOODSP)9.506804 |
| 776 | 0#|tLa feuille d'érable |w(CaOODSP)9.508363 |
| 780 | 00|tMaple leaf |w(CaOODSP)9.500162 |
| 856 | 4 |qHTML|ss.o.|uhttps://www.canada.ca/fr/ministere-defense-nationale/feuille-derable.html |